Quizzes
Events
Quiz Creation
Community
Videos
Private Events
Remove Ads
Sign In
Join for FREE
Feedback
Dark Mode
Quiz Categories
Sports
Geography
Music
Movies
Television
Just For Fun
Miscellaneous
History
Literature
Language
Science
Gaming
Entertainment
Religion
Holiday
For Kids
Quiz Lab
Recent
Popular Today
Quiz Kudos Today
Editor Picks
Curator Picks
Quizzes by...
Day
Popularity
Type
Ratings
Length
Year
Community
Subscriptions
Recent Discussions
Orange Saloon
Badges
Playlists
Quests
Create
Leaderboards
Showdown
Live 5
Trivia Bingo
Activity
Puzzle Library
Sporcle Events
Private Events
Virtual Trivia
Globe League
Become a Host
Pub Owners
SporcleCon
Opinionation
Our Games
Videos
Blog
Mobile Apps
Partnerships
Remove Ads and Go Orange
Feedback
Television
TV Characters
TV Show
Sitcom
Network
Friends
Reality Shows
Cast
South Park
Star Trek
The Simpsons
Doctor Who
Television
TV Characters
TV Show
Sitcom
Network
Friends
Reality Shows
Cast
South Park
Star Trek
The Simpsons
Doctor Who
Random Quiz
Search Sporcle
×
Quiz Lab
Quiz Lab
Television
United States
Select answers by clicking on text or image buttons
Select answers by clicking on text or image buttons
Clickable
Best Score? Go Orange.
Who Has Won 4 Emmys Stats
Can you name the Who Has Won 4 Emmys
By
tallonator
6m
39 Questions
150 Plays
150 Plays
150 Plays
Comments
Comments
Give Quiz Kudos
Give Quiz Kudos
-
- Ratings
hide this ad
Replay
Link that replays current quiz
Next Quiz
Link to next quiz in quiz playlist
You Got
0%
They Got
Avg Score
73%
Avg Friend Score
Upgrade to see
Score Distribution
Jump to the score distribution portion of the page
Score
0/39
Timer
06:00
0
Plays Today
% Correct
Betty White
91.3%
Ed Asner
88.7%
Alan Alda
87.3%
Candice Bergen
87.3%
Mary Tyler Moore
86.7%
Carroll O'Connor
86%
Doris Roberts
86%
Kelsey Grammer
85.3%
David Hyde Pierce
84%
Dick Van Dyke
83.3%
Cloris Leachman
83.3%
Carol Burnett
82.7%
Helen Hunt
82.7%
Lucille Ball
80.7%
Don Knotts
80.7%
Edie Falco
79.3%
John Lithgow
77.3%
Allison Janey
77.3%
John Larroquette
76.7%
Dennis Franz
74.7%
% Correct
Tyne Daly
74.7%
Johnny Carson
72%
Peter Falk
72%
Rhea Perlman
71.3%
Tina Fey
71.3%
Carl Reiner
70.7%
Valerie Harper
69.3%
Bill Cosby
69.3%
Art Carney
67.3%
Anthony Geary
66.7%
Erika Slezak
65.3%
Kim Zimmer
62%
Tracey Ullman
59.3%
David Canary
59.3%
Heather Tom
54%
Susan Flannery
54%
Nancy Marchand
52.7%
Jonathan Jackson
47.3%
Justin Deas
46%
Quiz Playlist
Details
Report
Send in Message
Add To Playlist
Clickable:
Select answers by clicking on text or image buttons
Last Updated: Feb 16, 2017
Quiz Scoreboard
CHALLENGE
Sign Up to Join the Scoreboard
Show All
Scores
Hide
Comments
May contain spoilers
Recently Published
An Introduction to Baseball
by treessimontrees
Sports
5m
Movies - When Are They Set?
by FPL_Elf
Movies
5m
Popular People in 1961
by mucciniale
History
6m
More to Explore
Quiz From the Vault
Featured Blog Post
Where Did the Easter Bunny Come From?
hide this ad
You Might Also Like...
Tags
United States Quiz
Award
Award-Winning
Best Actor
Best Performance
Daytime Emmy
Daytime Soap
Emmy
Most Hits
Most Wins
primetime
Television Stars
Today's Top Quizzes in Television
Browse Television
hide this ad
Today's Top Quizzes in United States
Browse United States
Top Contributed Quizzes in Television
1
One Piece Logic Puzzle
2
Survivor Logic Puzzle: Heroes vs. Villains
3
5-to-1: The Simpsons Families
4
Survivor Seasons
5
Survivor Season by Logo
6
5-to-1: Television Doctors
7
7-to-1: TV Show Settings
8
One Thing in Common: Television
9
Survivor Trivia
10
5-to-1: Streaming Originals
Explore More
Trending Topics
Harry Potter
Anime
Marvel
Crossword
Kpop
Disney
NBA
Song
WWE
Country
Puzzle
The Office
NFL
Pokémon
Soccer
hide this ad
More By:
tallonator
Quiz
Plays
Rating
Category
Featured
Created
20 Largest 'S' US Metro Areas
71,991
4.31
Geography
Jan 1, 2013
Cars Available in 1920
22,338
4.55
History
Mar 31, 2015
World's Fairs
19,731
4.33
History
Nov 1, 2011
Star Wars Line Assignments
16,007
4.51
Movies
Sep 10, 2017
Steven Spielberg Best Director Golden Globe Wins & Noms
4,607
4.43
Movies
Sep 2, 2017
Go to Creator's Profile
Score Distribution
Quiz Creator Spotlight
tallonator
Follow
Send a Message
Quizzes Created
-
Created Quiz Play Count
-
More By This Creator
Popular Quizzes Today
1
Find the Countries of Europe - No Outlines Minefield
2
Find the US States - No Outlines Minefield
3
The Countries of the World
4
Popular People in 1961
5
Find the US States
6
US States
7
1-10 Letter E Words III
8
Risky Map Clicking: Biggest States A-Z
More Television Quizzes
Five Decade TV Show Medley
Published
Trending Quizzes
Risky Map Clicking: Least Populous States A-Z
1-10 Letter F Words
1-10 Letter G Words
Not Quite an Element Typing Challenge
One Thing in Common: United Kingdom
Recently Updated
Leaping Animals
pecheneg
Reality TV Shows (A-Z)
bhenderson79
Rickey Henderson's Hall of Fame Teammates
pecheneg
Champions League XIs: Arsenal
pecheneg
Quick Pick: Celebrities in WWE's Hall of Fame
aduchscher
A-Z Keypad Blitz II
pecheneg
Multiple Oscar Actors
pecheneg
Mystery Phrase Blitz: Oscar 'Best Actors'
pecheneg
F. Scott Fitzgerald Novels
LTH
Pick 3 Villains
ddd62291
Trending Topics
Kpop
Marvel
Harry Potter
Disney
Anime
NBA
Crossword
Song
The Office
NFL
Puzzle
WWE
Soccer
Country
Pokémon
Your Account Isn't Verified!
In order to create a playlist on Sporcle, you need to verify the email address you used during registration. Go to your
Sporcle Settings
to finish the process.
Report this User
Report this user for behavior that violates our
Community Guidelines
.
Details:
Send Report
Go to the Sporcle.com Mobile Site →
Comments